Di truyền học đạin cương. t.I /
שמור ב:
| מחבר ראשי: | |
|---|---|
| פורמט: | Sách giấy |
| שפה: | Vietnamese |
| יצא לאור: |
H. :
Giáo dục,
1981.
|
| נושאים: | |
| תגים: |
הוספת תג
אין תגיות, היה/י הראשונ/ה לתייג את הרשומה!
|
| Thư viện lưu trữ: | Thư viện Trường Đại học Đà Lạt |
|---|
| LEADER | 00628nam a2200265 4500 | ||
|---|---|---|---|
| 001 | DLU140160509 | ||
| 005 | ##20140305 | ||
| 040 | # | # | |a DLU |b vie |
| 041 | # | # | |a vie |
| 044 | # | # | |a vn |
| 082 | # | # | |a 576.5 |b PH-N |
| 100 | # | # | |a Phan Cự Nhân. |
| 245 | # | # | |a Di truyền học đạin cương. |n t.I / |c Phan Cự Nhân. |
| 260 | # | # | |a H. : |b Giáo dục, |c 1981. |
| 300 | # | # | |a 207 tr. ; |c 21 cm. |
| 653 | # | # | |a Di truyền học |
| 653 | # | # | |a Giáo trình |
| 994 | # | # | |a DLU |
| 900 | # | # | |a True |
| 911 | # | # | |a Trương Thị Mỹ Lệ |
| 925 | # | # | |a G |
| 926 | # | # | |a A |
| 927 | # | # | |a SH |
| 980 | # | # | |a Thư viện Trường Đại học Đà Lạt |